<?xml version="1.0" encoding="UTF-8"?>
<record
    xmlns:xsi="http://www.w3.org/2001/XMLSchema-instance"
    xsi:schemaLocation="http://www.loc.gov/MARC21/slim http://www.loc.gov/standards/marcxml/schema/MARC21slim.xsd"
    xmlns="http://www.loc.gov/MARC21/slim">

  <leader>01895njm a2200385Ia 4500</leader>
  <controlfield tag="001">24640</controlfield>
  <controlfield tag="003">IT-RoPAU</controlfield>
  <controlfield tag="005">20220918181119.0</controlfield>
  <controlfield tag="008">131025s9999    xx            000 0 und d</controlfield>
  <datafield tag="040" ind1=" " ind2=" ">
    <subfield code="a">IT-RoPAU</subfield>
  </datafield>
  <datafield tag="040" ind1=" " ind2=" ">
    <subfield code="c">IT-RoPAU</subfield>
  </datafield>
  <datafield tag="999" ind1=" " ind2=" ">
    <subfield code="c">99638</subfield>
    <subfield code="d">99638</subfield>
  </datafield>
  <datafield tag="999" ind1=" " ind2=" ">
    <subfield code="b">n.d.</subfield>
  </datafield>
  <datafield tag="100" ind1=" " ind2=" ">
    <subfield code="a">AA.VV.</subfield>
    <subfield code="9">794</subfield>
  </datafield>
  <datafield tag="100" ind1=" " ind2=" ">
    <subfield code="e">Autore musica</subfield>
    <subfield code="9">11210</subfield>
  </datafield>
  <datafield tag="100" ind1=" " ind2=" ">
    <subfield code="g">Codice autore musica SPICS: 12000</subfield>
    <subfield code="9">796</subfield>
  </datafield>
  <datafield tag="245" ind1=" " ind2=" ">
    <subfield code="a">Condor pasa (El)-Los Kenakos</subfield>
  </datafield>
  <datafield tag="250" ind1=" " ind2=" ">
    <subfield code="a">1a ed.</subfield>
  </datafield>
  <datafield tag="260" ind1=" " ind2=" ">
    <subfield code="a">MILANO</subfield>
  </datafield>
  <datafield tag="260" ind1=" " ind2=" ">
    <subfield code="b">JOKER - W. GURTLER</subfield>
    <subfield code="c">1972 [1a Ed.:1972]</subfield>
  </datafield>
  <datafield tag="300" ind1=" " ind2=" ">
    <subfield code="a">DISCO</subfield>
  </datafield>
  <datafield tag="300" ind1=" " ind2=" ">
    <subfield code="c">24 minuti (Testo:  pag.)</subfield>
  </datafield>
  <datafield tag="500" ind1=" " ind2=" ">
    <subfield code="a">Musica popolare folk</subfield>
  </datafield>
  <datafield tag="505" ind1=" " ind2=" ">
    <subfield code="a">La cocinerita - Indios guerrilleros - El condor pasa (3:00) - Para una orejita de tierra cocida (3:00) - Tikiminiki tarirari (2:00) - Dos palomitas (4:00) - La peregrinacion (3:00) - Chuqui (3:00) - Sonkoy (4:00) - Peregrino soy (2:00)</subfield>
  </datafield>
  <datafield tag="650" ind1=" " ind2=" ">
    <subfield code="a">POPOLARE [DISCHI]</subfield>
    <subfield code="e">Codice MATERIA SPICS: 9950</subfield>
    <subfield code="9">11211</subfield>
  </datafield>
  <datafield tag="700" ind1=" " ind2=" ">
    <subfield code="a">Kenacos (Los) </subfield>
    <subfield code="g">Codice interprete SPICS: 15690</subfield>
    <subfield code="e">Interprete</subfield>
    <subfield code="9">11212</subfield>
  </datafield>
  <datafield tag="700" ind1=" " ind2=" ">
    <subfield code="a">Robles D.A.</subfield>
    <subfield code="g">Codice autore musica SPICS: 27500</subfield>
    <subfield code="e">Autore musica</subfield>
    <subfield code="p">El condor pasa</subfield>
    <subfield code="9">11213</subfield>
  </datafield>
  <datafield tag="700" ind1=" " ind2=" ">
    <subfield code="a">Yaravi</subfield>
    <subfield code="g">Codice autore musica SPICS: 15691</subfield>
    <subfield code="e">Autore musica</subfield>
    <subfield code="p">El condor pasa - Dos palomitas - Sonkoy</subfield>
    <subfield code="9">11214</subfield>
  </datafield>
  <datafield tag="700" ind1=" " ind2=" ">
    <subfield code="a">El Inca</subfield>
    <subfield code="g">Codice autore testo/musica SPICS: 15692</subfield>
    <subfield code="e">Autore testo/musica</subfield>
    <subfield code="p">El condor pasa - Para una orejita de tierra cocida</subfield>
    <subfield code="9">11215</subfield>
  </datafield>
  <datafield tag="700" ind1=" " ind2=" ">
    <subfield code="a">De Rojas G.</subfield>
    <subfield code="g">Codice autore musica SPICS: 15693</subfield>
    <subfield code="e">Autore musica</subfield>
    <subfield code="p">Tikiminiki tarirari</subfield>
    <subfield code="9">11216</subfield>
  </datafield>
  <datafield tag="700" ind1=" " ind2=" ">
    <subfield code="a">Huayno</subfield>
    <subfield code="g">Codice autore SPICS: 15694</subfield>
    <subfield code="e">Autore</subfield>
    <subfield code="p">Dos palomitas</subfield>
    <subfield code="9">11217</subfield>
  </datafield>
  <datafield tag="700" ind1=" " ind2=" ">
    <subfield code="a">Ramirez Ariel</subfield>
    <subfield code="g">Codice autore musica SPICS: 15695</subfield>
    <subfield code="e">Autore musica</subfield>
    <subfield code="p">La peregrinacion</subfield>
    <subfield code="9">11218</subfield>
  </datafield>
  <datafield tag="700" ind1=" " ind2=" ">
    <subfield code="a">Huayta</subfield>
    <subfield code="g">Codice autore musica SPICS: 15696</subfield>
    <subfield code="e">Autore musica</subfield>
    <subfield code="p">Chuqui</subfield>
    <subfield code="9">11219</subfield>
  </datafield>
  <datafield tag="700" ind1=" " ind2=" ">
    <subfield code="a">De Robertis Alfredo</subfield>
    <subfield code="g">Codice autore musica SPICS: 13215</subfield>
    <subfield code="e">Autore musica</subfield>
    <subfield code="p">Peregrino soy</subfield>
    <subfield code="9">11220</subfield>
  </datafield>
  <datafield tag="942" ind1=" " ind2=" ">
    <subfield code="c">MD</subfield>
    <subfield code="2">ddc</subfield>
  </datafield>
  <datafield tag="952" ind1=" " ind2=" ">
    <subfield code="0">0</subfield>
    <subfield code="1">0</subfield>
    <subfield code="4">0</subfield>
    <subfield code="6">24640_000000000000000</subfield>
    <subfield code="7">1</subfield>
    <subfield code="a">SPICS</subfield>
    <subfield code="b">SPICS</subfield>
    <subfield code="d">2013-10-25</subfield>
    <subfield code="l">0</subfield>
    <subfield code="o">24640</subfield>
    <subfield code="r">2013-10-25 00:00:00</subfield>
    <subfield code="w">2013-10-25</subfield>
    <subfield code="y">MD</subfield>
    <subfield code="z">Progr. Ins.: 5335 / N.Vol.: 1 / Copie: 1 - Copia rara: n.d. / date import: 01.01.2014 - By Epidotti, Trombetti, Vaglietti</subfield>
  </datafield>
</record>
